| 000 | 00438nam a2200145Ia 4500 | ||
|---|---|---|---|
| 008 | 140724s9999 xx 000 0 und d | ||
| 050 |
_aTX 911 _b.On59 2012 |
||
| 100 | _aOñate, Marc C. | ||
| 245 | 4 |
_aThe Palm Garden Boutique Hotel / _cMarc C. Oñate. |
|
| 260 |
_aLas Piñas, Philippines : _bSouthville International School and Colleges, _cc2012. |
||
| 300 |
_a145 p. : _c28 cm. |
||
| 521 | _aTourism | ||
| 942 | _cTH | ||
| 999 |
_c229063 _d229063 |
||